| 000 | 01496cab a2200181 4500 | ||
|---|---|---|---|
| 001 | ABS41492 | ||
| 008 | 090401t1989 xxu||||| |||| 00| 0 eng d | ||
| 035 | _a(Sirsi) u30544 | ||
| 041 | _aeng | ||
| 245 | _aIpswich BC v Fisons plc | ||
| 260 | _c1989 | ||
| 350 | _a0 | ||
| 490 |
_aWeekly Law Reports _v(1989) 3 WLR 818-824(7) |
||
| 520 | _aChD 17 May 1989. At issue was whether leave to appeal against an arbitrator`s award under Arbitration Act 1979 s1 , should be granted. Briefly, the council (I) entered into an agreement with F in 1955 to let them a site to build an office block for 99 years at a fixed rent with no provision for review. A clause in the lease provided that the council would let a further site within 21 years, to F for use as a permanent car park ; the term to expire concurrently with the lease for the block. In 1986 F were offered land, on the basis that the lease should be kept at 1980s market rent with provision for rent review . F contended that the new lease should be on the same terms as the 1955 lease, and not contain rent reviews. The matter was referred to an arbitrator, who decided that the clause in the 1955 agreement did not give rise to any legally enforceable obligation, but the 1982 agreement did. The rent, however, should be at 1950s rental values, and not contain rent reviews. I sought | ||
| 690 | _aMANAGEMENT-DISPUTE AVOIDANCE, MANAGEMENT AND RESOLUTION-DISPUTE MANAGEMENT AND RESOLUTION-ARBITRATION | ||
| 942 | _n0 | ||
| 948 | _c04/03/1997 | ||
| 999 |
_c20592 _d20592 |
||